| 000 | 03516nam a2200337 a 4500 | ||
|---|---|---|---|
| 003 | OSt | ||
| 005 | 20250422120802.0 | ||
| 007 | cr ||||||a|c|a | ||
| 008 | 250221u2024 mx a||afom||| 001 0 spa d | ||
| 040 | _erda | ||
| 100 | 1 |
_aDíaz Pérez, Laura Guadalupe _9190144 |
|
| 245 | 1 |
_aEfecto letal de acetamiprid contra un vector de la enfermedad de chagas / _cpor Laura Guadalupe Díaz Pérez; director de tesis Jaime Alfredo Urzúa Gutiérrez; secretario Reyna Vargas Abasolo; vocal Víctor Manuel Almaraz Valle; suplente Candelario Santillán Ortega; suplente Calixto Leopoldo Carrillo Fonseca. |
|
| 264 | 1 |
_aChapingo, México : _bEl autor, _c2024. |
|
| 300 | _a1 recurso en línea (54 páginas). | ||
| 336 |
_2rdacontent _atexto _btxt |
||
| 337 |
_2rdamedia _acomputadora _bc |
||
| 338 |
_2rdacarrier _arecurso en línea _bcr |
||
| 502 |
_bIAEPA _cParasitología _d2024. _gLIC |
||
| 504 | _aIncluye referencias bibliográficas: páginas 41-52. | ||
| 520 | _aLa enfermedad de Chagas es ocasionada por el parasito Trypanosoma cruzy y transmitida principalmente vía vectorial por chinches de la subfamilia Triatominae. Triatoma pallidipennis es uno de los principales vectores de la enfermedad de Chagas en México, siendo probablemente el vector con más del 70% de los casos. Los piretroides son los más usados en el control químico de vectores. Pese al éxito, se han reportado casos de resistencia lo que podría deberse al uso indiscriminado de los insecticidas y el deterioro de las campañas de control. El objetivo de este trabajo fue evaluar la toxicidad de acetamiprid contra ninfas de tercer estadio de una población suceptible de T. pallidipennis en condiciones de laboratorio; determinar la DL50 y la DL95, asimismo, determinar la mortalidad cuando son expuestas a superficies contaminadas con el insecticida. Se evaluaron seis concentraciones logarítmicamente espaciadas (1.0, 0.1, 0.01, 0.001, 0.0001, 0.00001%) mediante aplicación directa, pasadas 24 horas se contabilizó la mortalidad y se determinó la DL50 y la DL95. Después, se evaluaron tres concentraciones (2%, 1% y 0.5% L) aplicación directa, a las 24 horas se contabilizó la mortalidad para evaluar la efectividad biológica. Finalmente, la dosis 1% L fue rociada sobre madera y ladrillo, y se evaluó la mortalidad sobre las superficies tratadas a las 24, 48 y 72 horas de exposición. Los resultados muestran que la DL50 y DL95 de acetamiprid en aplicación directa a las chinches, fue de 0.145 ppm y 91700 ppm respectivamente. A una dosis de 1% de acetamiprid se detectó una mortalidad de 100 % después de 24 h. La mortalidad a las 72 horas de exposición en madera fue de 37.5% (±2.4), mientras que en ladrillo fue de 50% (±3.26). La mortalidad de las ninfas demuestra que acetamiprid puede ser una opción viable para ser usado en el control de triatominos domiciliados. | ||
| 650 | 4 |
_aInsecticidas Control de plagas _9164784 |
|
| 650 | 4 |
_aTriatoma pallidepennis _xControl _9190145 |
|
| 650 | 4 |
_aInsecticidas _xToxicidad _958882 |
|
| 700 | 1 |
_aUrzúa Gutiérrez, Jaime Alfredo _9117018 _eDirector de tesis. |
|
| 700 | 1 |
_aVargas Abasolo, Reyna _9126554 _eSecretario. |
|
| 700 | 1 |
_aAlmaraz Valle, Víctor Manuel _9189371 _eVocal. |
|
| 700 | 1 |
_aSantillán Ortega, Candelario _9102429 _eSuplente. |
|
| 700 | 1 |
_aCarrillo Fonseca, Calixto Leopoldo _919482 _eSuplente. |
|
| 856 |
_uhttp://10.13.5.2/tesis/tl/1610613-1_DIAZ_PEREZ_LAURAGUADALUPE.pdf _zDESCARGAR PDF |
||
| 942 |
_2Clasificación Universidad Autónoma Chapingo _cTD |
||
| 999 |
_c220475 _d220475 |
||